000
00250nam a22001097a 4500
005
20230530142143.0
008
230530b |||||||| |||| 00| 0 eng d
022
_a
9770973990004
245
_a
COMPUTER SCIENCE
260
_b
IUP PUBLICATION
942
_c
JRL
999
_c
8311
_d
8309